[Event "Madrid San Viator op-B 29th"]
[Site "Madrid"]
[Date "2017.11.01"]
[Round "7"]
[White "Cuerda Montagud, Tomas"]
[Black "Jubin Diez, Damien"]
[Result "1/2-1/2"]
[WhiteElo "1444"]
[BlackElo "1138"]
[PlyCount "141"]
[EventDate "2017.09.17"]
[EventType "swiss"]
[EventRounds "9"]
[EventCountry "ESP"]
[SourceTitle "EXT 2019"]
[Source "ChessBase"]
[SourceDate "2018.10.10"]
[SourceVersion "1"]
[SourceVersionDate "2018.10.10"]
[SourceQuality "1"]

1. e4 e6 2. d4 d5 3. e5 c5 4. c3 Nc6 5. Nf3 Qb6 6. a3 a5 7. Bd3 Nge7 8. 0-0 Nf5 9. Bxf5 exf5 10. b3 Be7 11. Be3 0-0 12. Nbd2 Bd7 13. Re1 Nd8 14. Nf1 Ne6 15. Rb1 cxd4 16. cxd4 Bxa3 17. Ng3 f4 18. Bc1 Bxc1 19. Rxc1 fxg3 20. hxg3 Rac8 21. Qd2 Qxb3 22. Rb1 Qc4 23. Rxb7 Bc6 24. Rbb1 Rb8 25. Rbc1 Qb5 26. Qc2 Rfc8 27. Qd2 Qb4 28. Qc2 Nxd4 29. Nxd4 Qxd4 30. Red1 Qxe5 31. Re1 Qf6 32. Qc5 Rb5 33. Qxb5 h6 34. Qxa5 Ra8 35. Qc5 Ra2 36. Rf1 Bd7 37. Qxd5 Be6 38. Qf3 Qd4 39. Rcd1 Qe5 40. Rd8+ Kh7 41. Rdd1 Qg5 42. Qe3 Qg6 43. Rd2 Ra8 44. f3 Qxg3 45. Qe4+ Qg6 46. Qxa8 Qg5 47. Qe4+ Bf5 48. f4 Qf6 49. Qe3 Qg6 50. Rf3 Qf6 51. Rg3 Qa1+ 52. Kh2 Qf6 53. Kg1 Qa1+ 54. Kf2 Qf6 55. Qe5 Qxe5 56. fxe5 Be6 57. Ke3 Kg8 58. Rf3 g6 59. Rd8+ Kg7 60. Rf6 Bc4 61. g4 Be6 62. Kf4 Kh7 63. Rd1 Kg7 64. Rh1 Bd5 65. Kg3 Bxh1 66. Rf1 Bd5 67. Kf2 Be6 68. Kg3 Bd5 69. Rf6 Kh7 70. Kf4 Kg7 71. Kg3 1/2-1/2